Early English adventurers in the East, (Record no. 549666)

000 -LEADER
fixed length control field 00425cam a2200145 4500
082 ## - DEWEY DECIMAL CLASSIFICATION NUMBER
Classification number 950.3
Author Mark WRI
100 1# - MAIN ENTRY--PERSONAL NAME
Personal name Wright, Arnold,
9 (RLIN) 46302
245 10 - TITLE STATEMENT
Title Early English adventurers in the East,
Statement of responsibility, etc. by Arnold Wright.
260 ## - PUBLICATION, DISTRIBUTION, ETC.
Place of publication, distribution, etc. London,
-- New York,
Name of publisher, distributor, etc. A. Melrose, ltd.,
Date of publication, distribution, etc. 1917.
300 ## - PHYSICAL DESCRIPTION
Extent 331 p.
Dimensions 22 cm.
526 ## - STUDY PROGRAM INFORMATION NOTE
Program name 0
Interest level 0
Reading level 0
Title point value 950_300000000000000_WRI
650 #0 - SUBJECT ADDED ENTRY--TOPICAL TERM
Topical term or geographic name entry element British
Geographic subdivision Asia.
9 (RLIN) 46303
650 #0 - SUBJECT ADDED ENTRY--TOPICAL TERM
Topical term or geographic name entry element MCE
9 (RLIN) 379
942 ## - ADDED ENTRY ELEMENTS (KOHA)
Source of classification or shelving scheme
Koha item type Book
Holdings
Withdrawn status Lost status Source of classification or shelving scheme Damaged status Not for loan Permanent Location Current Location Date acquired Total Checkouts Full call number Barcode Date last seen Price effective from Koha item type
          Military College of Engineering (MCE) Military College of Engineering (MCE) 10/03/2014   950.3 WRI MCE-41021 10/03/2014 10/03/2014 Book
© 2023 Central Library, National University of Sciences and Technology. All Rights Reserved.